Formule 1 - Top 10 plus jeunes vainqueurs de Grand Prix - Statistiques

Statistiques générales
  • Ce quiz a été pris 58 fois
    15 depuis la dernière actualisation
  • Le résultat moyen est 6 sur 10
Statistiques - réponses
Âges Pilotes % Correct
19 ans, 6 mois et 19 jours Andrea Kimi Antonelli
100%
18 ans, 7 mois et 15 jours Max Verstappen
100%
21 ans, 2 mois et 11 jours Sebastian Vettel
100%
22 ans et 26 jours Fernando Alonso
67%
22 ans, 5 mois et 3 jours Lewis Hamilton
67%
23 ans, 3 mois et 15 jours Oscar Piastri
50%
21 ans, 10 mois et 16 jours Charles Leclerc
42%
23 ans, 5 mois et 6 jours Kimi Räikkönen
25%
22 ans, 2 mois et 19 jours Troy Ruttman
17%
22 ans, 3 mois et 12 jours Bruce McLaren
8%
Aucun quiz correspondant
Distribution des résultats
% des personnes avec chaque résultat
Percentile par nombre de réponses
Votre historique - résultats
Vous n’avez pas pris ce quiz depuis la dernière actualisation